A Critique of Western Psychology and Psychotherapy and Iqba's Approch (Record no. 350353)

000 -LEADER
fixed length control field 00582nam a22001937a 4500
003 - CONTROL NUMBER IDENTIFIER
control field OSt
005 - DATE AND TIME OF LATEST TRANSACTION
control field 20180116183013.0
008 - FIXED-LENGTH DATA ELEMENTS--GENERAL INFORMATION
fixed length control field 150915b xxu||||| |||| 00| 0 eng d
020 ## - INTERNATIONAL STANDARD BOOK NUMBER
International Standard Book Number 0
040 ## - CATALOGING SOURCE
Transcribing agency 0
082 ## - DEWEY DECIMAL CLASSIFICATION NUMBER
Classification number 150 QAI 2000
100 ## - MAIN ENTRY--PERSONAL NAME
Personal name Dr, Nazir Qaiser
245 ## - TITLE STATEMENT
Title A Critique of Western Psychology and Psychotherapy and Iqba's Approch
Statement of responsibility, etc. Dr, Nazir Qaiser
260 ## - PUBLICATION, DISTRIBUTION, ETC.
Place of publication, distribution, etc. Pakistan
Name of publisher, distributor, etc. Iqbal Academy Pakistan
Date of publication, distribution, etc. 2000
300 ## - PHYSICAL DESCRIPTION
Extent 239 P.
Other physical details HB
440 ## - SERIES STATEMENT/ADDED ENTRY--TITLE
Title A Critique of Western Psychology and Psychotherapy and Iqba's Approch
600 ## - SUBJECT ADDED ENTRY--PERSONAL NAME
Personal name Dr, Nazir Qaiser
942 ## - ADDED ENTRY ELEMENTS (KOHA)
Source of classification or shelving scheme
Koha item type Book
Holdings
Withdrawn status Lost status Source of classification or shelving scheme Damaged status Not for loan Collection code Permanent Location Current Location Shelving location Date acquired Total Checkouts Total Renewals Full call number Barcode Checked out Date last seen Date last checked out Price effective from Koha item type
            Central Library (CL) Central Library (CL) General Stacks 09/15/2015 2 4 150 QAI 2000 NBS8380 03/04/2026 02/02/2026 02/02/2026 09/15/2015 Book
© 2023 Central Library, National University of Sciences and Technology. All Rights Reserved.